Testbuilder for the toeic tests

Saved in:
Bibliographic Details
Main Author: Beck, Jessica
Format: Book
Language:Undetermined
Published: New York Macmillan 2012
Subjects:
Tags: Add Tag
No Tags, Be the first to tag this record!
Institutions: Trung tâm Học liệu Trường Đại học Cần Thơ
LEADER 00614nam a2200193Ia 4500
001 CTU_189884
008 210402s9999 xx 000 0 und d
082 |a 428.0076 
082 |b B393/CD.3 
100 |a Beck, Jessica 
245 0 |a Testbuilder for the toeic tests 
245 0 |c Jessica Beck 
260 |a New York 
260 |b Macmillan 
260 |c 2012 
650 |a English language,English language,Tiếng Anh 
650 |x Examinations,Study guides,Textbooks for foreign speakers,Bài thi,Hướng dẫn học 
904 |i Tuyến 
980 |a Trung tâm Học liệu Trường Đại học Cần Thơ